| 000 | 00418nam a2200193uu 4500 | ||
|---|---|---|---|
| 001 | WIIW0000188 | ||
| 003 | OSt | ||
| 005 | 20250221111011.0 | ||
| 007 | tu | ||
| 008 | 250207t2020 xxk||||| ||||||0| | eng d | ||
| 020 | _an/a | ||
| 040 | _cOSt | ||
| 041 | _ager | ||
| 245 | 0 | 0 | _aUdSSR Jahrbuch 1989 |
| 260 |
_bVerlag der Presseagentur Nowosti _c1989. |
||
| 300 |
_a330 S. ; _c20 cm. |
||
| 651 | _aUdSSR | ||
| 942 |
_cB _2z |
||
| 999 |
_c9083 _d9083 |
||